000
00342nam a2200145Ia 4500
008
150201s2008 xx 000 0 und d
082
_a
610.3
_b
O08O
100
_a
OXFORD
245
_a
OXFORD ENGLISH REFERENCE DICTIONARY
250
_a
1ST
260
_b
OXFORD
_a
DELHI
_c
2008
300
_a
1-1765
650
_a
DICTIONARIES
942
_2
ddc
_c
BK
_0
1
999
_c
257
_d
257